[Event "AUTO-OPEN-4118"]
[Site "http://www.queenalice.com/game.php?id=1592440"]
[Date "2019.12.8"]
[Round "1"]
[White "Mich"]
[Black "luiz_gustavo"]
[Result "1-0"]
[WhiteElo "1933"]
[BlackElo "1789"]

1. e4 e5 2. Nf3 Nc6 3. d4 f6 4. Bc4 Bb4+ 5. c3 Ba5 6. O-O Nce7 7. dxe5 fxe5 8.
Nxe5 d5 9. exd5 Qd6 10. Re1 Bf5 11. Qa4+ Bd7 12. Nxd7 Qxd7 13. Qxa5 Qd6 14. Bg5
a6 15. Na3 O-O-O 16. Re6 Qd7 17. Rae1 Re8 18. Bb5 c6 19. dxc6 Qc7 20. cxb7+ 1-0

[Event "AUTO-INT-3484"]
[Site "http://www.queenalice.com/game.php?id=1592528"]
[Date "2019.12.8"]
[Round "1"]
[White "CERVERO"]
[Black "Mich"]
[Result "0-1"]
[WhiteElo "1810"]
[BlackElo "1850"]

1. d4 d5 2. c4 e6 3. cxd5 exd5 4. Nc3 c5 5. dxc5 d4 6. Ne4 Nc6 7. Nf3 Qd5 8.
Nd6+ Bxd6 9. cxd6 Qxd6 10. e3 Qb4+ 11. Qd2 dxe3 12. fxe3 Nf6 13. Be2 O-O 14. O-O
Qb6 15. Kh1 Bg4 16. Qc2 Rfd8 17. Bd2 Rac8 18. a3 Nd4 19. Qd1 Nb3 20. Qe1 Bxf3
21. Bxf3 Nxd2 22. Rf2 Qxb2 23. Rb1 Qxb1 0-1

[Event "AUTO-INT-3484"]
[Site "http://www.queenalice.com/game.php?id=1592529"]
[Date "2019.12.8"]
[Round "1"]
[White "Mich"]
[Black "CERVERO"]
[Result "1-0"]
[WhiteElo "1793"]
[BlackElo "1733"]

1. e4 c5 2. Nc3 d6 3. f4 Nc6 4. Nf3 Nf6 5. Bc4 Bg4 6. O-O Nd4 7. Be2 Nxe2+ 8.
Qxe2 e6 9. e5 dxe5 10. Qb5+ Qd7 11. Nxe5 Qxb5 12. Nxb5 Rb8 13. d3 a6 14. Nc7+
Ke7 15. Be3 Nd7 16. Nxg4 Rc8 17. Nxe6 fxe6 18. Rae1 h5 19. Nf2 Nf6 20. Nh3 Nd5
21. f5 Nf6 22. Bg5 Rc6 23. Nf4 Kd7 24. fxe6+ Ke8 25. e7 Bxe7 26. Ng6 1-0

[Event "AUTO-INT-3484"]
[Site "http://www.queenalice.com/game.php?id=1592542"]
[Date "2019.12.8"]
[Round "1"]
[White "caradepau"]
[Black "Mich"]
[Result "0-1"]
[WhiteElo "1740"]
[BlackElo "1901"]

1. e4 d5 2. e5 c5 3. h3 Nc6 4. a3 Nxe5 5. d4 cxd4 6. Qxd4 Nc6 7. Nc3 Nxd4 8. Bd3
e5 9. Be3 Nf6 10. Bxd4 exd4 11. Nce2 Qa5+ 12. Kd1 Bc5 13. Nf3 Ne4 14. Bxe4 dxe4
15. Nfxd4 O-O 16. f4 exf3 17. gxf3 Bxd4 18. Nxd4 Rd8 19. c3 Bf5 20. h4 Qb5 21.
Kc1 Rxd4 22. cxd4 Rc8+ 23. Kd1 Qd3+ 24. Ke1 Rc2 25. b4 Qe2# 0-1

[Event "AUTO-INT-3484"]
[Site "http://www.queenalice.com/game.php?id=1592543"]
[Date "2019.12.8"]
[Round "1"]
[White "Mich"]
[Black "caradepau"]
[Result "1-0"]
[WhiteElo "1537"]
[BlackElo "1643"]

1. e4 e5 2. Nf3 Nc6 3. d4 exd4 4. Bc4 h6 5. c3 dxc3 6. Nxc3 a6 7. Qb3 Bc5 8.
Bxf7+ Kf8 9. O-O Nf6 10. e5 Nh7 11. Bg6 Qe7 12. Nd5 Qd8 13. Nf6 Nxf6 14. Qf7#
1-0

[Event "AUTO-MASTER-2910"]
[Site "http://www.queenalice.com/game.php?id=1595850"]
[Date "2020.1.10"]
[Round "1"]
[White "CCapivara"]
[Black "Mich"]
[Result "0-1"]
[WhiteElo "2207"]
[BlackElo "2105"]

1. e4 d5 2. Nf3 dxe4 3. Ng5 e5 4. Nxe4 f5 5. Ng3 Bc5 6. Bc4 Bxf2+ 7. Kxf2 Qd4+
8. Ke1 Qxc4 9. d3 Qh4 10. Qe2 Nc6 11. Qf2 Nf6 12. h3 O-O 13. Nc3 Nd4 14. Kd1 f4
15. Nge4 Qh5+ 16. Ke1 Nxe4 17. Nxe4 Bf5 18. c3 Bxe4 19. dxe4 Ne6 20. Qe2 Qh4+
21. Qf2 Qe7 22. Bd2 Nc5 23. Qe2 Rad8 24. Rd1 Nd3+ 25. Kf1 Rd6 26. Bc1 Nxc1 27.
Rxc1 Rfd8 28. Kg1 Rd2 29. Qg4 R2d3 30. Kh2 Rg3 31. Qe2 Rdd3 32. Rhd1 Qd7 33.
Rxd3 Rxd3 34. Rc2 Re3 35. Qc4+ Qf7 36. Qxf7+ Kxf7 37. Rd2 Ke7 38. Kg1 Rxe4 39.
Kf2 g5 40. Kf3 Re3+ 41. Kg4 Kf6 42. Kh5 f3 43. Kg4 Re2 44. Rd1 f2 45. Rf1 e4 0-1

[Event "AUTO-MASTER-2910"]
[Site "http://www.queenalice.com/game.php?id=1595851"]
[Date "2020.1.10"]
[Round "1"]
[White "Mich"]
[Black "CCapivara"]
[Result "1-0"]
[WhiteElo "2049"]
[BlackElo "2177"]

1. e4 d6 2. d4 Nf6 3. Nc3 c6 4. f4 Qa5 5. Bd3 e5 6. Nf3 Bg4 7. Be3 Nbd7 8. O-O
Be7 9. h3 Bxf3 10. Qxf3 O-O 11. a3 Rae8 12. Ne2 Qc7 13. c3 b5 14. Ng3 a5 15. Nf5
g6 16. fxe5 dxe5 17. Nh6+ Kg7 18. Rac1 Qb8 19. g4 c5 20. g5 Ng8 21. Nxf7 exd4
22. cxd4 cxd4 23. Bxd4+ Ngf6 24. gxf6+ Kxf7 25. fxe7+ Kxe7 26. Qg2 Qd6 27. Qg5+
1-0

[Event "AUTO-MASTER-2910"]
[Site "http://www.queenalice.com/game.php?id=1595866"]
[Date "2020.1.10"]
[Round "1"]
[White "ratorei"]
[Black "Mich"]
[Result "0-1"]
[WhiteElo "2157"]
[BlackElo "1956"]

1. e4 e5 2. Nf3 Nc6 3. d4 exd4 4. Nxd4 Nf6 5. Nc3 Bb4 6. f3 O-O 7. Be3 d5 8.
Nxc6 bxc6 9. e5 Re8 10. f4 Ne4 11. Bd2 Qh4+ 12. g3 Nxg3 13. hxg3 Qxg3+ 0-1

[Event "AUTO-MASTER-2910"]
[Site "http://www.queenalice.com/game.php?id=1595867"]
[Date "2020.1.10"]
[Round "1"]
[White "Mich"]
[Black "ratorei"]
[Result "1-0"]
[WhiteElo "2006"]
[BlackElo "2167"]

1. e4 c5 2. d4 cxd4 3. c3 dxc3 4. Nxc3 e6 5. Nf3 Nf6 6. e5 Ng8 7. Bc4 d5 8. exd6
Qxd6 9. Qe2 a6 10. O-O Nf6 11. Bg5 Nbd7 12. Rfd1 Qc5 13. Rac1 Be7 14. Ne4 Nxe4
15. Qxe4 Nf6 16. Bxf6 1-0

[Event "AUTO-MASTER-2913"]
[Site "http://www.queenalice.com/game.php?id=1596816"]
[Date "2020.1.20"]
[Round "1"]
[White "jupar"]
[Black "Mich"]
[Result "1-0"]
[WhiteElo "2087"]
[BlackElo "2030"]

1. e4 d5 2. exd5 Nf6 3. Nf3 Bg4 4. Be2 Qxd5 5. O-O Nc6 6. Nc3 Qf5 7. d3 e6 8.
Be3 Bd6 9. Ne4 Nxe4 10. dxe4 Qxe4 11. Bd3 Qd5 12. c4 Qh5 13. h3 Bxf3 14. Qxf3
Qxf3 15. gxf3 O-O-O 16. Kg2 Ne5 17. Be2 Ng6 18. Rfe1 Nf4+ 19. Bxf4 Bxf4 20. Rad1
Rd6 21. Rxd6 cxd6 22. b3 Kd7 23. Bd3 f5 24. a4 g5 25. Rd1 1-0

[Event "AUTO-MASTER-2913"]
[Site "http://www.queenalice.com/game.php?id=1596817"]
[Date "2020.1.20"]
[Round "1"]
[White "Mich"]
[Black "jupar"]
[Result "1-0"]
[WhiteElo "2135"]
[BlackElo "2158"]

1. e4 e5 2. Nf3 Nc6 3. Bc4 Nf6 4. d4 exd4 5. O-O Bc5 6. e5 Ng4 7. Bf4 O-O 8. h3
Nh6 9. Bxh6 gxh6 10. c3 dxc3 11. Nxc3 Be7 12. Qe2 d6 13. Rad1 Bf5 14. Nd4 Nxd4
15. Rxd4 Qc8 16. Nd5 Re8 17. Qh5 dxe5 18. Nf6+ Bxf6 19. Qxf7+ Kh8 20. Qxf6# 1-0

[Event "AUTO-MASTER-2913"]
[Site "http://www.queenalice.com/game.php?id=1596834"]
[Date "2020.1.20"]
[Round "1"]
[White "Mich"]
[Black "Artking"]
[Result "0-1"]
[WhiteElo "2125"]
[BlackElo "1937"]

1. e4 c5 2. d4 cxd4 3. c3 d3 4. Bxd3 Nc6 5. c4 d6 6. Nc3 Nf6 7. h3 g6 8. Nf3 Bg7
9. O-O O-O 10. Be3 Bd7 11. Rc1 Rc8 12. Qd2 a6 13. Nd5 e6 14. Nb6 Rb8 15. Rfd1
Be8 16. Bb1 Qc7 17. Qxd6 Qxd6 18. Rxd6 Rd8 19. Rxd8 Nxd8 20. Bc5 Nc6 0-1

[Event "AUTO-MASTER-2913"]
[Site "http://www.queenalice.com/game.php?id=1596835"]
[Date "2020.1.20"]
[Round "1"]
[White "Artking"]
[Black "Mich"]
[Result "1-0"]
[WhiteElo "1911"]
[BlackElo "2156"]

1. Nf3 d5 2. c4 e6 3. d4 c5 4. e3 Nf6 5. Bd3 Nc6 6. O-O Be7 7. a3 cxd4 8. exd4
dxc4 9. Bxc4 O-O 10. Nc3 a6 11. b4 b5 12. Bd3 Bb7 13. Bb2 Qb6 14. Rc1 Rad8 15.
Ne2 Bd6 16. Qd2 1-0

[Event "AUTO-MASTER-2913"]
[Site "http://www.queenalice.com/game.php?id=1596836"]
[Date "2020.1.20"]
[Round "1"]
[White "Mich"]
[Black "waldi"]
[Result "0-1"]
[WhiteElo "2043"]
[BlackElo "2121"]

1. e4 c5 2. d4 cxd4 3. c3 dxc3 4. Nxc3 Nc6 5. Nf3 g6 6. Bc4 Bg7 7. e5 Nxe5 8.
Nxe5 Bxe5 9. Bxf7+ Kxf7 10. Qd5+ e6 11. Qxe5 Qf6 12. Qg3 Ne7 13. Bg5 Qf5 14. O-O
h6 15. Bxe7 Kxe7 16. Rad1 b6 17. Qd6+ Kf7 18. Rd3 Rd8 19. Rf3 Bb7 20. Rxf5+ gxf5
21. Rd1 Bc6 22. b4 b5 0-1

[Event "AUTO-MASTER-2913"]
[Site "http://www.queenalice.com/game.php?id=1596837"]
[Date "2020.1.20"]
[Round "1"]
[White "waldi"]
[Black "Mich"]
[Result "1-0"]
[WhiteElo "2111"]
[BlackElo "2057"]

1. d4 d5 2. c4 e6 3. Nc3 c5 4. e3 Nf6 5. Nf3 a6 6. h3 dxc4 7. Bxc4 b5 8. Be2 Bb7
9. O-O Nbd7 10. a3 Be7 11. Bd2 O-O 12. Rc1 Rc8 13. Bd3 Qb6 14. Ng5 1-0